| 000 | 00581cam a22002172a 4500 | ||
|---|---|---|---|
| 001 | 017454 | ||
| 003 | AR-FADEU | ||
| 008 | 311216n1994####xxu####################dd | ||
| 020 | _a950-802-001--6 | ||
| 092 |
_a361.24 _bA259-2 |
||
| 100 | _aAgallo Barrios, Armando G. | ||
| 245 | _aDinamica de grupos : más de 100 juegos para practicar en clase | ||
| 260 | _aBuenos Aires | ||
| 260 | _bEspacio | ||
| 260 | _c1994 | ||
| 300 | _a65 p. : il | ||
| 440 | _aDidáctica | ||
| 500 | _aIncluye bibliografía | ||
| 650 | _aJUEGOS-GRUPOS; GRUPO; ANIMACION-GRUPOS | ||
| 942 | _cBDGR | ||
| 999 |
_c23201 _d23201 |
||